• 首页
  • 本馆介绍
  • 公告通知
  • 最新文献
  • 馆藏检索
  • 电子资源
  • 读者导购
  • 参考咨询
  • 我的图书馆
  • 登录
  • 详细信息显示
  • 放入我的书架
  • 预约/预借图书
  • 作者相关作品
  • 分类相关作品
  • 丛书相关作品
  • 出版社相关作品

书目信息

  • 表格格式
  • 工作单格式
  • 卡片格式
题名:
快速阅读训练法
    
 
作者: 翟文明 编著
分册:  
出版信息: 长春   吉林文史出版社  2019.3
页数: 247页
开本: 21cm
丛书名:
单 册:
中图分类: G792
科图分类:
主题词: 读书方法
电子资源:
ISBN: 978-7-5472-5982-5
000 00845nam0 2200229 45
001 012001003026
005 20131101112346.0
010    @a978-7-5472-5982-5@dCNY36.00
100    @a20190226d2019 em y0chiy0110 ea
101 0  @achi
102    @aCN@b220000
105    @ay z 000yy
106    @ar
200 1  @a快速阅读训练法@Akuai su yue du xun lian fa@f翟文明编著
210    @a长春@c吉林文史出版社@d2019.3
215    @a247页@d21cm
330    @a本书是作者继《超级记忆力训练法》之后的又一本力作。在本书中,作者详细的分享了练就全脑快速阅读的超级秘诀。本书一共7章,运用本书中的全脑阅读训练方法,经过一段时间的持续训练,每个人都能成就全脑快速阅读,把自己阅读速度至少提升到每分钟2000字以上。
606 0  @a读书方法
690    @aG792@v5
701  0 @a翟文明@Azhai wen ming@4编著
801    @b江苏凤凰@c20191020
905    @b1231696-701@dG792@e1432@f6
    
    快速阅读训练法/翟文明编著.-长春:吉林文史出版社,2019.3
    247页;21cm
    
    
    ISBN 978-7-5472-5982-5:CNY36.00
    本书是作者继《超级记忆力训练法》之后的又一本力作。在本书中,作者详细的分享了练就全脑快速阅读的超级秘诀。本书一共7章,运用本书中的全脑阅读训练方法,经过一段时间的持续训练,每个人都能成就全脑快速阅读,把自己阅读速度至少提升到每分钟2000字以上。
●
相关链接 在E读中查询图书 在五车中查询图书 在当当中查询图书 在豆瓣中查询图书


正题名:快速阅读训练法     索取号:G792/1432         预约/预借

序号 登录号 条形码 馆藏地/架位号 状态 备注
1 1231696   212316965   第一样本阅览室/ [索取号:G792/1432] 在馆    
2 1231697   212316974   教育系资料室/ [索取号:G792/1432] 在馆    
3 1231698   212316983   教育系资料室/ [索取号:G792/1432] 在馆    
4 1231699   212316992   教育系资料室/ [索取号:G792/1432] 在馆    
5 1231700   212317009   第四借阅区/ [索取号:G792/1432] 在馆    
6 1231701   212317018   第四借阅区/ [索取号:G792/1432] 在馆    
唐山师范学院图书馆 欢迎您!
大连网信软件有限公司© 版权所有